Manchester Derby XIs 2002-2007 - Statistics

General Stats
  • This quiz has been taken 110 times
  • The average score is 29 of 82
Answer Stats
Answer % Correct
Wayne Rooney
93%
Cristiano Ronaldo
89%
Edwin van der Sar
89%
Paul Scholes
88%
Rio Ferdinand
86%
David Beckham
84%
Phil Neville
83%
Ryan Giggs
83%
Nemanja Vidić
82%
Gary Neville
80%
Ruud van Nistelrooy
77%
Roy Keane
72%
Fabien Barthez
70%
Patrice Evra
67%
Michael Carrick
65%
Peter Schmeichel
61%
Ole Gunnar Solskjær
60%
Wes Brown
60%
John O'Shea
59%
Andy Cole
57%
Nicky Butt
57%
Juan Sebastián Verón
54%
Darren Fletcher
53%
Louis Saha
53%
Mikaël Silvestre
53%
Tim Howard
53%
Roy Carroll
49%
Alan Smith
45%
Laurent Blanc
45%
Shaun Wright-Phillips
43%
Gabriel Heinze
40%
Ji-sung Park
39%
Micah Richards
38%
Richard Dunne
37%
Stephen Ireland
37%
Shaun Goater
35%
David James
33%
Robbie Fowler
33%
Nicolas Anelka
31%
Joey Barton
29%
Michael Johnson
28%
Quinton Fortune
27%
Sylvain Distin
27%
Kléberson
23%
Steve McManaman
23%
David Seaman
20%
Darius Vassell
19%
Nicky Weaver
19%
Dietmar Hamann
17%
Danny Mills
16%
Georgios Samaras
16%
Claudio Reyna
15%
Ben Thatcher
14%
Jihai Sun
14%
Jon Macken
13%
Kiki Musampa
13%
Michael Ball
13%
Trevor Sinclair
13%
Antoine Sibierski
12%
Émile Mpenza
12%
Stephen Howey
12%
Eyal Berkovic
11%
Andreas Isaksson
10%
Liam Miller
10%
Marc-Vivien Foé
10%
Nedum Onuoha
10%
Danny Tiatto
9%
Bernardo Corradi
7%
Carlo Nash
7%
Michael Tarnat
7%
Albert Riera
6%
DaMarcus Beasley
6%
Hatem Trabelsi
6%
Paul Bosvelt
6%
Stephen Jordan
6%
David Sommeil
5%
Gerard Wiekens
5%
Kevin Horlock
5%
Willo Flood
5%
Daniel Van Buyten
4%
Niclas Jensen
3%
Lucien Mettomo
2%
No matching quizzes found
Score Distribution
Percent of People with Each Score
Percentile by Number Answered
Your Score History
You have not taken this quiz